[Event "LXVIII ch-CRC"]
[Site "San Jose Julio CRC"]
[Date "2005.07.10"]
[Round "9"]
[White "Valdes,Le"]
[Black "Gonzalez,Be CRC"]
[Result "1/2-1/2"]
[WhiteElo "2362"]
[BlackElo "2405"]

1.Nf3 d5 2.c4 e6 3.g3 Nf6 4.Bg2 Be7 5.O-O O-O 6.Qc2 c5 7.d4 cxd4 8.Nxd4 Nc6
9.Nxc6 bxc6 10.b3 a5 11.Nc3 Ba6 12.Rd1 Qc7 13.Na4 Rac8 14.Bd2 Rfd8 15.cxd5 Nxd5
16.Bf3 Nb4 17.Qb2 Bb5 18.a3 Nd5 19.Nc3 Bf6 20.Qc2 Nxc3 21.Bxc3 Bxc3 22.Qxc3 a4
23.bxa4 Bxa4 24.Rd4 Rxd4 25.Qxd4 Qa5 26.Rc1  1/2-1/2

[Event "27th Open"]
[Site "Oberwart AUT"]
[Date "2005.07.11"]
[Round "3"]
[White "Baumegger,S"]
[Black "Dittmar,P"]
[Result "1-0"]
[WhiteElo "2411"]
[BlackElo "2326"]

1.Nf3 d5 2.c4 e6 3.d4 Nf6 4.Nc3 c5 5.cxd5 Nxd5 6.e3 Nc6 7.Bb5 Be7 8.O-O O-O
9.Re1 Bd7 10.Bd3 Rc8 11.Nxd5 exd5 12.dxc5 h6 13.a3 Bxc5 14.b4 Bb6 15.Bb2 Bg4
16.h3 Bh5 17.e4 dxe4 18.Bxe4 Re8 19.Qb3 Nd4 20.Nxd4 Bxd4 21.Bxd4 Qxd4 22.Bxb7 Qd2
23.Rxe8+ Rxe8 24.Bf3 Bg6 25.Qd1 Qc3 26.Qc1 Bc2 27.b5 Re5 28.a4 g6 29.Bc6 Qd4
30.a5 Re2 31.b6 axb6 32.a6 Rxf2 33.a7 Rxg2+ 34.Kxg2 Be4+ 35.Bxe4 Qxe4+ 36.Kf2 Qd5
37.Ke2 Qe5+ 38.Qe3 Qb2+ 39.Kf3 Qf6+ 40.Kg2 Qb2+ 41.Kg3 Qxa1 42.Qe8+ Kg7 43.a8=Q  1-0

[Event "LXVIII ch-CRC"]
[Site "San Jose Julio CRC"]
[Date "2005.07.11"]
[Round "10"]
[White "Valdes,Le"]
[Black "Alfaro,C"]
[Result "1-0"]
[WhiteElo "2362"]
[BlackElo "1931"]

1.Nf3 d5 2.c4 c6 3.g3 Nf6 4.Bg2 Bf5 5.cxd5 cxd5 6.Qb3 Qb6 7.Qxb6 axb6 8.Nc3 e6
9.d3 Bc5 10.Nb5 O-O 11.O-O h6 12.Bf4 g5 13.Bd6 Rc8 14.Nfd4 Bg6 15.Rfc1 Nbd7
16.Bxc5 Rxc5 17.Nc3 Kf8 18.b4 Rcc8 19.a3 Ke7 20.Ndb5 g4 21.Rc2 Ne5 22.Rac1 Kd7
23.Nd1 Rc6 24.Rc3 h5 25.Nb2 Ne8 26.Kf1 Nd6 27.Nxd6 Rxc3 28.Rxc3 Kxd6 29.Ke1 Nc6
30.e3 Na7 31.Rb3 f6 32.Bf1 Be8 33.Kd2 Nb5 34.a4 Nc7 35.b5 e5 36.h4 Ne6 37.Bg2 Bf7
38.Rb4 Rc8 39.Rb3 Bg8 40.Ra3 Ra8 41.Nd1 Nc5 42.Nc3 f5 43.d4 exd4 44.exd4 Ne4+
45.Bxe4 dxe4 46.Ke3 Ke6 47.Ne2 Kf6 48.Nc3 Bc4 49.Ra1 Rc8 50.Rc1 Kg6 51.Nd5  1-0

[Event "25th Ann Champions"]
[Site "Benasque ESP"]
[Date "2005.07.12"]
[Round "7"]
[White "Ubilava,E"]
[Black "Cifuentes Parada,R"]
[Result "1-0"]
[WhiteElo "2519"]
[BlackElo "2512"]

1.Nf3 d5 2.c4 c6 3.cxd5 cxd5 4.d4 Nc6 5.Nc3 Nf6 6.Bf4 Ne4 7.e3 Nxc3 8.bxc3 g6
9.h4 h6 10.Ne5 Bg7 11.Qa4 Bxe5 12.Bxe5 O-O 13.Bf4 Kg7 14.Bd3 Be6 15.O-O Qd7
16.Rab1 Bf5  1-0

[Event "inAUTOmarket Open"]
[Site "Minsk BLR"]
[Date "2005.07.12"]
[Round "3"]
[White "Tihonov,J"]
[Black "Smirnov,Alek"]
[Result "1-0"]
[WhiteElo "2503"]
[BlackElo "2249"]

1.Nf3 d5 2.c4 d4 3.e3 Nc6 4.exd4 Nxd4 5.Nxd4 Qxd4 6.Nc3 Nf6 7.d3 Ng4 8.Qf3 c6
9.Be2 e5 10.h3 h5 11.O-O Nh6 12.Be3 Qd6 13.Ne4 Qc7 14.Qxh5 Bf5 15.f4 O-O-O
16.Qf3 Bg6 17.fxe5 Qxe5 18.Qf4 Qxf4 19.Bxf4 f5 20.Nf2 Bc5 21.Rfe1 Nf7 22.Kf1 Bd4
23.Bf3 Rhe8 24.Rxe8 Rxe8 25.Rb1 Ne5 26.Be2 Bf7 27.b4 Rd8 28.b5 cxb5 29.Bxe5  1-0

[Event "Aegean Open"]
[Site "Kirykos GRE"]
[Date "2005.07.18"]
[Round "7"]
[White "Nikolaou,G"]
[Black "Obodchuk,A"]
[Result "1/2-1/2"]
[WhiteElo "2288"]
[BlackElo "2438"]

1.Nf3 d5 2.c4 e6 3.g3 Nf6 4.Bg2 Be7 5.O-O O-O 6.b3 c5 7.Bb2 Nc6 8.d3 d4 9.e4 e5
10.h3 g6 11.Bc1 Nh5 12.Qe2 Rb8 13.Bh6 Re8 14.Nh2 Bg5 15.Bxg5 Qxg5 16.h4 Qe7
17.Bf3 Nf6 18.Ng4 Nxg4 19.Bxg4 f5 20.exf5 gxf5 21.Bh5 Rf8 22.Nd2 e4 23.dxe4 f4
24.Nf3 Ne5 25.Nxe5 Qxe5 26.Bf3 Bh3 27.Bg2 Bxg2 28.Qg4+ Kh8 29.Kxg2 Qxe4+
30.Qf3 Qxf3+ 31.Kxf3 fxg3+ 32.Kxg3 Rg8+ 33.Kh3 Rbe8 34.Rae1 Kg7 35.Rg1+ Kf6
36.Rxg8 Rxe1 37.Rd8 Rg1 38.Rd7 Rg7 39.Rd5 Ke6 40.f4 b6 41.a4 Rd7 42.f5+ Ke7
43.Kg4 Rc7 44.Kg5 Rc6 45.h5 h6+ 46.Kf4 Rc8 47.Ke5 Re8 48.f6+ Kf8+ 49.Kf5 Re3
50.Rd8+ Kf7 51.Rd7+ Kf8 52.Rd8+ Kf7 53.Rd7+ Kf8 54.Rd8+  1/2-1/2

[Event "WYb18"]
[Site "Belfort FRA"]
[Date "2005.07.22"]
[Round "4"]
[White "Wojtaszek,R"]
[Black "Arngrimsson,D"]
[Result "1-0"]
[WhiteElo "2591"]
[BlackElo "2294"]

1.Nf3 d5 2.c4 c6 3.e3 Nf6 4.Nc3 g6 5.d4 Bg7 6.Bd3 O-O 7.O-O Bg4 8.h3 Bxf3
9.Qxf3 dxc4 10.Bxc4 Nbd7 11.Rd1 Qc7 12.Qe2 Nb6 13.Bb3 e5 14.dxe5 Qxe5 15.e4 Rad8
16.Rxd8 Rxd8 17.Be3 Qe8 18.Bc2 Nfd7 19.Re1 Nf8 20.f4 Ne6 21.e5 Nd5 22.Nxd5 Rxd5
23.Qf2 Qd8 24.Rf1 Nd4 25.Be4 Rd7 26.Kh1 Bh6 27.g3 c5 28.b3 b6 29.Bc1 Bg7
30.Bg2 Nf5 31.g4 Nh4 32.Be4 Rd1 33.Be3 g5 34.fxg5 Rxf1+ 35.Qxf1 Bxe5 36.Qd3 Qxd3
37.Bxd3 Ng6 38.Bc4 Bf4 39.Bxf4 Nxf4 40.Kh2 Ng6 41.Kg3 Kg7 42.h4 Ne5 43.Be2 Nc6
44.Kf4 Nd4 45.Bd3 b5 46.h5 a6 47.Ke5 Nc6+ 48.Ke4 f6 49.h6+ Kf7 50.gxf6 Kxf6
51.Kf4 Nb4 52.g5+ Kf7 53.Bxh7 Nd5+ 54.Ke5  1-0

[Event "WYb18"]
[Site "Belfort FRA"]
[Date "2005.07.28"]
[Round "10"]
[White "Bogosavljevic,B"]
[Black "Ragger,M"]
[Result "1/2-1/2"]
[WhiteElo "2302"]
[BlackElo "2434"]

1.Nf3 d5 2.c4 c6 3.g3 Nf6 4.Bg2 Bf5 5.cxd5 cxd5 6.O-O Nc6 7.d3 e6 8.Qb3 Qd7
9.Bf4 Be7 10.Nc3 O-O 11.Rac1 Bg4 12.Ne5 Nxe5 13.Bxe5 Rac8 14.h3 Bh5 15.e4 dxe4
16.dxe4 Rc5 17.Bf4 e5 18.Be3 Rc6 19.g4 Bg6 20.Rfd1 Qc8 21.Nb5 Qa8 22.f3 a6
23.Rxc6 bxc6 24.Nc3 Rb8 25.Qc2 Nd5 26.Nxd5 cxd5 27.Qc7 d4 28.Bxd4 exd4 29.Qxe7 Qc6
30.b3 Qc2 31.Rxd4 Qc1+ 32.Kf2 Qb2+ 33.Ke3 Qc3+ 34.Rd3 Qe1+ 35.Kf4 h5 36.Rd8+ Rxd8
37.Qxd8+ Kh7 38.gxh5 Bxh5 39.Qd3 Qf2 40.Bf1 f6 41.e5+ Bg6 42.Qxa6 f5 43.Qe2 Qg1
44.e6 Kh6 45.h4 Kh5 46.e7 Kxh4 47.e8=Q Qg3+ 48.Ke3 Bxe8 49.Qf2 f4+ 50.Ke2 Bb5+
51.Ke1 Bc6 52.b4 Bxf3 53.b5 g5 54.a4 Bd5 55.a5 Qxf2+ 56.Kxf2 g4 57.a6 g3+
58.Ke1 f3 59.b6 f2+ 60.Kd2 g2 61.Bxg2 Bxg2 62.b7 f1=Q 63.b8=Q Qf2+ 64.Kc3 Qe3+
65.Kb4 Qd2+ 66.Kc5 Qc3+ 67.Kb6 Qd4+ 68.Ka5 Qa1+ 69.Kb6 Qf6+ 70.Kc5 Qc3+ 71.Kb6 Qc6+
72.Ka5 Qf6 73.Qh2+ Bh3 74.a7 Qc3+ 75.Kb6 Qb4+ 76.Kc6 Qe4+ 77.Kc7 Qc4+ 78.Kb7 Qb5+
79.Kc7 Qc5+ 80.Kb7 Qb4+ 81.Kc7 Qa5+ 82.Kb7 Qb5+ 83.Kc7 Qd7+ 84.Kb6 Qd4+ 85.Kb7 Qd7+
86.Kb6 Qd4+ 87.Kb7 Qb4+ 88.Kc7 Qa5+ 89.Kb7 Qd5+ 90.Kc7 Qc4+ 91.Kb6 Qb3+ 92.Kc7 Qc3+
93.Kb6 Qb4+ 94.Kc7 Qc5+ 95.Kb7 Qb5+ 96.Kc7 Qc5+ 97.Kb7 Qb5+  1/2-1/2

[Event "WYb16"]
[Site "Belfort FRA"]
[Date "2005.07.28"]
[Round "10"]
[White "Sanikidze,T"]
[Black "Hammer,J"]
[Result "1-0"]
[WhiteElo "2417"]
[BlackElo "2318"]

1.Nf3 d5 2.c4 c6 3.g3 Nf6 4.Bg2 Bf5 5.Qb3 Qb6 6.Nc3 Qxb3 7.axb3 e6 8.d4 Nbd7
9.c5 a6 10.b4 Rc8 11.h3 h6 12.g4 Bh7 13.Bf4 Be7 14.Nd2 Bd8 15.Nb3 Bc2 16.Na5 Bxa5
17.bxa5 Bb3 18.Ra3 Bc4 19.Bd6 Kd8 20.b3 Bb5 21.Kd2 Re8 22.Re1 Ra8 23.Raa1 e5
24.dxe5 Nxe5 25.f4 Ng6 26.e4 dxe4 27.Bxe4 Nxe4+ 28.Rxe4 Rxe4 29.Nxe4 f5 30.gxf5 Nh4
31.f6 Ke8 32.fxg7 Kf7 33.Be5 Nf3+ 34.Ke3 Nxe5 35.fxe5 Kxg7 36.Nd6 Rf8 37.Rg1+ Kh7
38.Ke4 Rf2 39.Rg3 Bf1 40.e6  1-0

[Event "Open A"]
[Site "Pardubice CZE"]
[Date "2005.07.28"]
[Round "7"]
[White "Ajrapetjan,Y"]
[Black "Stocek,J"]
[Result "0-1"]
[WhiteElo "2380"]
[BlackElo "2592"]

1.Nf3 d5 2.c4 e6 3.d4 Nf6 4.g3 Bb4+ 5.Bd2 a5 6.a3 Bxd2+ 7.Nbxd2 O-O 8.Bg2 a4
9.Ne5 Ra6 10.Nd3 dxc4 11.Nc5 Rd6 12.Nxc4 Rxd4 13.Qxa4 b6 14.Nb3 Ba6 15.Nxd4 Qxd4
16.Rd1 Qxc4 17.Qxc4 Bxc4 18.Rc1 b5 19.a4 c6 20.Bf3 Nfd7 21.a5 Nc5 22.b4 Nb3
23.Rd1 e5 24.Rd6 Nd4 25.Be4 f5 26.e3 fxe4 27.exd4 exd4 28.Rxd4 Na6 29.Kd2 Nxb4
30.Rb1 Nd5  0-1

[Event "15th ETC Women"]
[Site "Gothenburg SWE"]
[Date "2005.07.30"]
[Round "1"]
[White "Calotescu,A"]
[Black "Fridthjofsdottir,S"]
[Result "1-0"]
[WhiteElo "2273"]
[BlackElo "1963"]

1.Nf3 d5 2.c4 e6 3.g3 Nf6 4.Bg2 Be7 5.b3 O-O 6.O-O c5 7.cxd5 exd5 8.d4 Nc6
9.Bb2 Be6 10.dxc5 Bxc5 11.e3 Qe7 12.Nc3 Rfd8 13.Ne2 Rac8 14.Ned4 Bg4 15.h3 Bh5
16.Rc1 Bb6 17.Nf5 Qe6 18.g4 Bg6 19.N3d4 Qd7 20.Nxc6 bxc6 21.Nxg7 Ne4 22.Bxe4 dxe4
23.Qxd7 Rxd7 24.Rfd1 Rd3 25.Kf1 Kf8 26.Ke2 Ke7 27.Nf5+ Bxf5 28.gxf5 Rxd1
29.Rxd1 Rg8 30.Ba3+ Kf6 31.Rd6+ Kxf5 32.Rxc6 Rg6 33.Rd6 Kg5 34.Rd5+ f5 35.Be7+ Kh5
36.Rxf5+ Kh6 37.Bf8+  1-0

[Event "15th ETC"]
[Site "Gothenburg SWE"]
[Date "2005.08.01"]
[Round "3"]
[White "Markowski,T"]
[Black "Rusev,K"]
[Result "1-0"]
[WhiteElo "2564"]
[BlackElo "2426"]

1.Nf3 d5 2.c4 c6 3.e3 Nf6 4.Qc2 e6 5.b3 Be7 6.Bb2 O-O 7.Be2 b6 8.O-O Bb7
9.d3 c5 10.Nbd2 Nc6 11.a3 Qc7 12.Rfe1 Rad8 13.Bf1 Rfe8 14.cxd5 Nxd5 15.Rac1 Qb8
16.Qb1 Bf8 17.Qa1 e5 18.Nc4 f6 19.Ncd2 Kh8 20.Qb1 Nc7 21.Red1 Ne6 22.Bc3 a5
23.Bb2 Rd7 24.Qc2 Ba6 25.Nc4 Qd8 26.Be2 Qb8 27.Ne1 Qa7 28.Bh5 Red8 29.Bg4 Re7
30.Bf5 Bb5 31.Qe2 g6 32.Be4 a4 33.Qf3 Bg7 34.Bxc6 Ng5 35.Bxb5 Nxf3+ 36.Nxf3 axb3
37.e4 Qb7 38.h3 Rd4 39.Bxd4 exd4 40.Rb1 f5 41.e5 g5 42.Nd6 Qa8 43.Nxf5 Rf7
44.e6 Rxf5 45.e7  1-0

[Event "15th ETC"]
[Site "Gothenburg SWE"]
[Date "2005.08.01"]
[Round "3"]
[White "James,Dav"]
[Black "Karttunen,M"]
[Result "0-1"]
[WhiteElo "2213"]
[BlackElo "2409"]

1.Nf3 d5 2.c4 c6 3.e3 Nf6 4.Nc3 a6 5.Be2 b5 6.cxd5 cxd5 7.a4 b4 8.Na2 Nc6
9.d4 e6 10.Bd2 Bd6 11.Nc1 O-O 12.O-O Ne4 13.Nb3 Qf6 14.Rc1 Bb7 15.Bd3 Qh6
16.Nc5 Bxc5 17.dxc5 e5 18.Qb3 Nxd2 19.Nxd2 Rad8 20.Qd1 f5 21.Qe2 e4 22.Bb1 d4
23.Nc4 d3 24.Qd2 Bc8 25.f4 Be6 26.Ba2 Bd5 27.a5 Qe6 28.Bb3 Rb8 29.Qd1 Rb5
30.Ba4 Bxc4 31.Rxc4 Nxa5 32.Rc1 Rbb8 33.Ra1 Qd5 34.c6 Rfc8 35.Qd2 Nxc6 36.Rfc1 Kh8
37.Kf2 h6 38.b3 Ne7 39.Rxc8+ Rxc8 40.Qxb4 Rc2+ 41.Kf1 d2 42.Rd1 Rc1 43.Qb8+ Kh7
44.b4 Qd3+ 45.Kf2 Nd5  0-1

[Event "15th ETC Women"]
[Site "Gothenburg SWE"]
[Date "2005.08.01"]
[Round "3"]
[White "Dzagnidze,N"]
[Black "Ushenina,A"]
[Result "1/2-1/2"]
[WhiteElo "2438"]
[BlackElo "2389"]

1.Nf3 d5 2.c4 d4 3.b4 Bg4 4.Qb3 c6 5.Bb2 Bxf3 6.exf3 g6 7.Na3 Bg7 8.Nc2 Nh6
9.h4 a5 10.a3 axb4 11.axb4 Rxa1+ 12.Bxa1 O-O 13.h5 c5 14.bxc5 Qd7 15.Bd3 Na6
16.hxg6 hxg6 17.Qb5 Qxb5 18.cxb5 Nxc5 19.Ke2 e5 20.Bb2 Rc8 21.Nb4 Ne6 22.g3 Nf5
23.Nd5 Rc5 24.Nb6 Rc7 25.Ba3 Bf8 26.Bxf8 Kxf8 27.Rh8+ Kg7 28.Rb8 Nd6 29.Be4 Nxe4
30.fxe4 Rc5 31.Nc8 Rxb5 32.Nd6 Rb6 33.Nc4 Rb5 34.Nd6 Rb6 35.Nc4  1/2-1/2

[Event "Petrovskaya Ladya IM"]
[Site "Peterhof RUS"]
[Date "2005.08.01"]
[Round "1"]
[White "Rumiantsev,An"]
[Black "Arzumanian,G"]
[Result "0-1"]
[WhiteElo "2309"]
[BlackElo "2448"]

1.Nf3 d5 2.c4 e6 3.g3 dxc4 4.Qa4+ Nd7 5.Qxc4 a6 6.d4 Ngf6 7.Bg2 b5 8.Qc2 Bb7
9.O-O c5 10.a4 Rc8 11.axb5 axb5 12.Qb3 b4 13.dxc5 Bxc5 14.Nh4 Bxg2 15.Nxg2 O-O
16.Be3 Nd5 17.Bxc5 Nxc5 18.Qf3 Nb6 19.Qf4 Nb3 20.Ra6 Nd4 21.Qd2 Rc2 22.Qd1 Rxe2
23.b3 Nf3+ 24.Kh1 Rxf2  0-1

[Event "15th ETC"]
[Site "Gothenburg SWE"]
[Date "2005.08.02"]
[Round "4"]
[White "Aronian,L"]
[Black "Sokolov,I"]
[Result "1/2-1/2"]
[WhiteElo "2724"]
[BlackElo "2691"]

1.Nf3 d5 2.c4 c6 3.e3 Nf6 4.Nc3 a6 5.d4 b5 6.c5 Nbd7 7.b4 a5 8.bxa5 Qxa5
9.Bd2 b4 10.Nb1 Ne4 11.a3 Rb8 12.Ra2 Nxd2 13.Qxd2 Ra8 14.Be2 e5 15.O-O Be7
16.Rb2 bxa3 17.Qxa5 Rxa5 18.Ra2 Ba6 19.Bxa6 Rxa6 20.Rxa3  1/2-1/2

[Event "92nd ch-GBR"]
[Site "Douglas IOM"]
[Date "2005.08.04"]
[Round "4"]
[White "Sowray,P"]
[Black "Rudd,J"]
[Result "1/2-1/2"]
[WhiteElo "2364"]
[BlackElo "2268"]

1.Nf3 d5 2.c4 d4 3.g3 Nc6 4.Bg2 e5 5.d3 Bf5 6.O-O Qd7 7.a3 a5 8.Re1 Be7 9.Qa4 Ra6
10.e3 Bxd3 11.exd4 e4 12.d5 exf3 13.dxc6 Qxc6 14.Qxc6+ bxc6 15.Bxf3 Bxc4
16.Bf4 Kd7 17.Nc3 Bd6 18.Rad1 Nf6 19.Be5 Re8 20.Bxf6 Rxe1+ 21.Rxe1 gxf6 22.Ne4 Be7
23.Rd1+ Ke8 24.Rc1 Bd5 25.Kg2 Rb6 26.Rc2 f5 27.Nc3 Bb3 28.Re2 Kf8 29.Re5 Be6
30.Re2 Bc4 31.Rd2 Bg5 32.Rd4 Bb3 33.Rd7 Bc1 34.Nd1 Be6 35.Rxc7 Bxb2 36.Nxb2 Rxb2
37.Ra7 Rb5 38.Bxc6 Rc5 39.Bf3 Kg7 40.h4 Kf6 41.Bh5  1/2-1/2

[Event "15th ETC"]
[Site "Gothenburg SWE"]
[Date "2005.08.04"]
[Round "6"]
[White "Markowski,T"]
[Black "Lindberg,Bo"]
[Result "1-0"]
[WhiteElo "2564"]
[BlackElo "2359"]

1.Nf3 d5 2.c4 d4 3.g3 g6 4.Bg2 Bg7 5.O-O e5 6.d3 Ne7 7.b4 O-O 8.Nfd2 Na6
9.b5 Nc5 10.Nb3 Ne6 11.a4 c5 12.bxc6 Nxc6 13.a5 Bd7 14.N1d2 Re8 15.Ba3 Bf8
16.Qc1 f5 17.Bxf8 Kxf8 18.c5 Qe7 19.a6 Rab8 20.axb7 Rxb7 21.Ra6 Rc7 22.Qa3 Rb8
23.Rc1 Ned8 24.Nc4 Be6 25.Ra4 h5 26.Nbd2 Kg7 27.Nd6 h4 28.gxh4 Kf8 29.Nf3 Bb3
30.Ra6 Nb4 31.Ra5 Bd5 32.Nb5 Ndc6 33.Nxc7 Qxc7 34.Ra4 Ke7 35.Rb1 a5 36.Qc1 Rh8
37.Qd2 Rh5 38.Rba1 e4 39.dxe4 Bxe4 40.Nxd4 Bxg2 41.Kxg2 Kf7 42.Nf3 Qb7 43.Kg1 Kg8
44.R4a3 Qc7 45.Rd1 f4 46.Qd6 Qf7 47.Rc3 Qf5 48.Rc4 Qg4+ 49.Kh1 Rf5 50.Rg1  1-0

[Event "Ave-Kontakt Cup IMB"]
[Site "Olomouc CZE"]
[Date "2005.08.04"]
[Round "2"]
[White "Ganaus,H"]
[Black "Plat,V"]
[Result "1-0"]
[WhiteElo "2340"]
[BlackElo "1945"]

1.Nf3 d5 2.c4 e6 3.e3 Nf6 4.b3 g6 5.Bb2 Bg7 6.Be2 O-O 7.O-O c5 8.cxd5 exd5
9.d4 Ne4 10.Qc1 Qf6 11.Nc3 Nxc3 12.Bxc3 Nc6 13.Qa3 cxd4 14.Nxd4 Nxd4 15.Bxd4 Qe6
16.Rfd1 Bd7 17.Bf3 Bc6 18.Bxg7 Kxg7 19.Rd4 Rfd8 20.Rad1 Rd7 21.g3 a6 22.Bg4 f5
23.Bf3 Rad8 24.Qa5 b5 25.Rc1 Bb7 26.Rc5 Qe7 27.Qc3 Kg8 28.b4 Qf7 29.a3 Qg7
30.h4 h5 31.Kh2 Kh7 32.Qd3 Qf7 33.Bg2 Qe6 34.Qd1 Qf7 35.Qb3 Kg7 36.Rc2 Kh7
37.Rcd2 Bc6 38.Qd1 Kg7 39.Qf3 Qe6 40.Rc2 Bb7 41.Qf4 Kh7 42.Rd3 Kg7 43.Rc5 Kh7
44.Qd4 Qf7 45.Rdc3 Qe7 46.Kg1 Kg8 47.Kf1 Kh7 48.Bf3 Qd6 49.Rc1 Kg8 50.Kg1 Kh7
51.Kf1 Kg8 52.Rd1 Qe6 53.Bg2 Kh7 54.Qf4 Qf6 55.Rd4 Qe6 56.Bf3 Qf7 57.Bd1 Qe6
58.a4 Bc6 59.a5 Bb7 60.Bf3 Qf7 61.Kg1 Qe6 62.Bg2 Kg8 63.Kh2 Kh7 64.Rd2 Qf6
65.Qd4 Qe6 66.Rdc2 Qd6 67.Kg1 Kg8 68.Kf1 Kh7 69.Ke1 Kg8 70.Kd2 Kh7 71.Qf4 Qe6
72.Qd4 Qd6 73.Kc3 Qe6 74.Kb2 Qd6 75.Ka3 Kg8 76.R5c3 Kh7 77.Rd2 Qe6 78.Rc1 Kg8
79.Rdc2 Qd6 80.Bf3 Kh7 81.Qb6 Qe7 82.Rc7 Rxc7 83.Rxc7 Rd7 84.Rxd7 Qxd7 85.Kb3 Qf7
86.Kc2 Kg7 87.Kd2 Qd7 88.Kd3 Qe7 89.Kc3 Kh7 90.Kb3 Qf7 91.Ka3 Qg7 92.Qd4 Qc7
93.Kb2 Qc6 94.Bd1 Qd7 95.Bb3 Qe7 96.Kc3 Qd6 97.Kd2 Qd7 98.Qe5 Bc6 99.Ke2 Qf7
100.Qd6 Bb7 101.Kd2 Qg7 102.Kc2 Qf7 103.Kb1 Kg7 104.Qe5+ Kh7 105.Kb2 Qd7
106.Kc3 Bc6 107.Kd2 Bb7 108.Ke1 Bc6 109.Bc2 Bb7 110.Ke2 Bc6 111.f3 Bb7 112.Bd3 Bc6
113.g4 hxg4 114.fxg4 fxg4 115.Qh5+ Kg8 116.Qxg6+ Kh8 117.Qf6+ Kg8 118.Bf5 Qc7
119.Be6+ Kh7 120.Qf5+ Kh8 121.Qh5+ Kg7 122.Qxg4+ Kf6 123.Qf5+ Kg7 124.Qg5+ Kf8
125.Qf4+ Qxf4 126.exf4 Bb7 127.Ke3 Ke7 128.Bg4 Kd6 129.Kd4 Ke7 130.h5  1-0

[Event "Petrovskaya Ladya IM"]
[Site "Peterhof RUS"]
[Date "2005.08.07"]
[Round "9"]
[White "Rumiantsev,An"]
[Black "Sudakova,I"]
[Result "0-1"]
[WhiteElo "2309"]
[BlackElo "2360"]

1.Nf3 d5 2.c4 e6 3.b3 Nf6 4.g3 c5 5.Bg2 Nc6 6.O-O Be7 7.d3 O-O 8.Bb2 b6 9.Ne5 Nxe5
10.Bxe5 Bb7 11.Nd2 Qd7 12.Bb2 Rad8 13.Qc2 d4 14.Bxb7 Qxb7 15.Rae1 Ng4 16.h3 Ne5
17.f4 Nc6 18.f5 exf5 19.Rxf5 Qc8 20.Ref1 g6 21.R5f2 Qxh3 22.Ne4 Ne5 23.Rh2 Qe6
24.Bc1 f5 25.Nf2 Rfe8 26.Nh3 Ng4 27.Nf4 Qc6 28.Rh3 Bg5 29.Rf3 Bxf4 30.Bxf4 Re6  0-1

[Event "HZ Open"]
[Site "Vlissingen NED"]
[Date "2005.08.07"]
[Round "2"]
[White "Odendahl,R"]
[Black "Oud,N"]
[Result "1-0"]
[WhiteElo "2376"]
[BlackElo "2096"]

1.Nf3 d5 2.c4 e6 3.g3 Nf6 4.Bg2 Be7 5.O-O O-O 6.d4 dxc4 7.Qc2 a6 8.Qxc4 b5
9.Qc2 Bb7 10.Bd2 Nc6 11.e3 Nb4 12.Bxb4 Bxb4 13.a3 Be4 14.Qe2 Be7 15.Nbd2 Bb7
16.Rac1 a5 17.Ne5 Bxg2 18.Kxg2 b4 19.Nc6 Qd7 20.a4 Rfe8 21.e4 Qc8 22.f3 Ra6
23.Rc2 Qa8 24.Rfc1 Bf8 25.Nb3 Rc8 26.Qb5 Ne8 27.e5 g5 28.g4 h5 29.h3 hxg4
30.hxg4 Kg7 31.Qd3 f6 32.Qe4 Kf7 33.Rh1 Bg7 34.Rh7 fxe5 35.dxe5 Rxc6 36.Rxc6 Rd8
37.Nc5 Rd2+ 38.Kg3 Qd8 39.Rxe6 Qd4 40.Qg6+  1-0

[Event "HZ Open"]
[Site "Vlissingen NED"]
[Date "2005.08.07"]
[Round "2"]
[White "Bofill Mas,A"]
[Black "Van den Berg,I"]
[Result "1-0"]
[WhiteElo "2386"]
[BlackElo "2098"]

1.Nf3 d5 2.c4 c6 3.g3 dxc4 4.Bg2 b5 5.O-O Bb7 6.a4 e6 7.b3 cxb3 8.Qxb3 a6
9.d4 Nf6 10.Rd1 Be7 11.Ne5 O-O 12.axb5 axb5 13.Rxa8 Bxa8 14.Qa2 Bb7 15.Qa7 Qc8
16.Ba3 Bxa3 17.Nxa3 Nd5 18.Rc1 Ba6 19.e4 f6 20.exd5 fxe5 21.Bh3 Qd8 22.dxc6 Qf6
23.d5 exd5 24.c7 Nd7 25.Bxd7 d4 26.Rf1 e4 27.Nxb5 Bxb5 28.Bxb5 Qe5 29.Bc4+ Kh8
30.Qb7 Qc5 31.Ba6 e3 32.fxe3  1-0

[Event "92nd ch-GBR"]
[Site "Douglas IOM"]
[Date "2005.08.09"]
[Round "8"]
[White "Morrison,G SCO"]
[Black "Woodward,T"]
[Result "1/2-1/2"]
[WhiteElo "2322"]
[BlackElo "2313"]

1.Nf3 d5 2.c4 d4 3.g3 Nc6 4.Bg2 e5 5.O-O Nf6 6.d3 Nd7 7.Na3 Be7 8.Nc2 a5
9.e3 Nc5 10.Nxe5 Nxe5 11.exd4 Nexd3 12.dxc5 O-O 13.c6 bxc6 14.b3 Bf6 15.Ba3 Re8
16.Rb1 Ra6 17.Qd2 Bf5 18.Rbd1 c5 19.Ne1 Rd6 20.Qxa5 Nf4 21.Rxd6 Ne2+ 22.Kh1 cxd6
23.Qxd8 Rxd8 24.Nf3 Bc3 25.Bc1 Bd3 26.Bd2 Bf6 27.Re1 h5 28.Bf1 Nd4 29.Nxd4 Bxf1
30.Nc6 Rc8 31.Rxf1 Rxc6 32.a4 Rb6 33.Rb1 h4 34.Kg2 hxg3 35.hxg3 Bd4 36.Kf3 f5
37.Ke2 Kf7 38.f4 Rb8 39.a5 Ra8 40.Kf3 Rh8 41.Kg2 Ke7 42.b4 cxb4 43.Rxb4 Kd7
44.Ra4 Kc6 45.Kf3 Re8 46.a6 Kb6 47.Ra3 Ka7 48.Be3 Re4 49.Bxd4+ Rxd4 50.Rc3 Kxa6
51.c5 Rd5 52.cxd6 Rxd6 53.Rc7 g6 54.Kg2 Kb6 55.Rc2 Rc6 56.Rd2 Kc7 57.Kh3 Rd6
58.Rxd6 Kxd6 59.Kh4 Ke6 60.Kg5 Kf7 61.Kh6  1/2-1/2

[Event "American Continental"]
[Site "Buenos Aires ARG"]
[Date "2005.08.10"]
[Round "5"]
[White "Flores,Di"]
[Black "Dominguez,L"]
[Result "0-1"]
[WhiteElo "2513"]
[BlackElo "2639"]

1.Nf3 d5 2.c4 c6 3.e3 Bg4 4.cxd5 cxd5 5.Nc3 Bxf3 6.Qxf3 Nf6 7.d4 Nc6 8.Bd2 e6
9.g4 Be7 10.O-O-O Nd7 11.Kb1 Nb6 12.Qg3 Rc8 13.f4 O-O 14.h4 Nc4 15.Bxc4 dxc4
16.e4 Nb4 17.Bc1 Nd3 18.Ne2 Qb6 19.Rd2 Bb4 20.Rxd3 cxd3 21.Qxd3 Qc6 22.Rd1 Qc4
23.Be3 a6 24.Ng1 Rc7 25.Qxc4 Rxc4 26.Nf3 Rfc8 27.Rc1 Bd6 28.Rxc4 Rxc4 29.e5 Be7
30.f5 h5 31.gxh5 exf5 32.h6 gxh6 33.Bxh6 f6 34.Bf4 fxe5 35.Bxe5 Rc6 36.d5 Rc5
37.d6 Bf8 38.h5 Rd5 39.h6 Bxd6 40.Bf6 Bf8 41.Bg5  0-1

[Event "Petrovskaya Ladya IM"]
[Site "Peterhof RUS"]
[Date "2005.08.11"]
[Round "13"]
[White "Popov,Val"]
[Black "Doluhanova,E"]
[Result "1-0"]
[WhiteElo "2570"]
[BlackElo "2273"]

1.Nf3 d5 2.c4 c6 3.d4 Nf6 4.Nc3 e6 5.Bg5 h6 6.Bh4 Bb4 7.Qb3 Be7 8.e3 O-O
9.Bd3 Nbd7 10.O-O a6 11.a4 dxc4 12.Qxc4 Nd5 13.Bxe7 Qxe7 14.Rac1 Nb4 15.Bb1 a5
16.Ne5 Rd8 17.Rfd1 Rb8 18.h3 Nf8 19.Qc5 Qxc5 20.dxc5 Bd7 21.Ne4 Be8 22.Rxd8 Rxd8
23.Nc4 Nd7 24.Nxa5 b6 25.cxb6 Nxb6 26.b3 f5 27.Nb7 Rd7 28.Nec5 Kf7 29.a5 Nc8
30.e4 fxe4 31.Bxe4 Rd4 32.Rc4 e5 33.Bf5 Ne7 34.Rxd4 exd4 35.a6  1-0

[Event "HZ Open"]
[Site "Vlissingen NED"]
[Date "2005.08.11"]
[Round "6"]
[White "Odendahl,R"]
[Black "Malakhatko,V"]
[Result "1/2-1/2"]
[WhiteElo "2376"]
[BlackElo "2556"]

1.Nf3 d5 2.c4 c6 3.e3 Nf6 4.Nc3 a6 5.Qc2 e6 6.d4 c5 7.cxd5 exd5 8.Be2 Nc6
9.O-O Be6 10.Rd1 Nb4 11.Qd2 Ne4 12.Nxe4 dxe4 13.Ne5 cxd4 14.exd4 Bd6 15.d5 Nxd5
16.Qd4 Qc7 17.Nc4 Bxh2+ 18.Kh1 O-O 19.g3 Bxg3 20.Rg1 Ne7 21.fxg3 Rfd8 22.Qe5 Qc6
23.Ne3 Rac8 24.b3  1/2-1/2

[Event "American Continental"]
[Site "Buenos Aires ARG"]
[Date "2005.08.12"]
[Round "7"]
[White "Labollita,M"]
[Black "Leitao,R"]
[Result "1-0"]
[WhiteElo "2383"]
[BlackElo "2598"]

1.Nf3 d5 2.c4 d4 3.c5 Nc6 4.Qa4 Qd5 5.b4 e5 6.e3 Bd7 7.Na3 e4 8.Nb5 Rc8 9.Nfxd4 Nxd4
10.exd4 a6 11.Nc3 Qxd4 12.Qb3 Be6 13.Qc2 Nf6 14.Rb1 Be7 15.Nd1 O-O 16.Ne3 Rcd8
17.Bb2 Qd7 18.Rd1 Nd5 19.a3 f5 20.c6 bxc6 21.Bxa6 f4 22.Nc4 c5 23.Ne5 Qd6
24.Bc4 cxb4 25.axb4 Rf5 26.Qxe4 Bf6 27.d4 Qxb4+ 28.Rd2 Rd6 29.h4 f3 30.g3 h5
31.Bd3 Kf8 32.Nc4 Ne7 33.Ba3 Qc3 34.Bxd6 Qc1+ 35.Rd1 Qc3+ 36.Kf1 cxd6 37.Qxe6 Rb5
38.Nxd6  1-0

[Event "92nd ch-GBR"]
[Site "Douglas IOM"]
[Date "2005.08.12"]
[Round "11"]
[White "Morrison,G SCO"]
[Black "Sowray,P"]
[Result "1/2-1/2"]
[WhiteElo "2322"]
[BlackElo "2364"]

1.Nf3 d5 2.c4 e6 3.d4 c5 4.e3 Nf6 5.Nc3 Nbd7 6.Bd3 dxc4 7.Bxc4 b5 8.Be2 Bb7
9.O-O Be7 10.e4 b4 11.e5 bxc3 12.exf6 Nxf6 13.bxc3 O-O 14.Rb1 Qc8 15.Qb3 Ba6
16.Bxa6 Qxa6 17.Ne5 Bd6 18.Qc4 Qxc4 19.Nxc4 Be7 20.Rb7 Nd5 21.Bd2  1/2-1/2

[Event "TCh-ESP Premier North"]
[Site "Barcelona ESP"]
[Date "2005.08.14"]
[Round "6"]
[White "Damljanovic,B"]
[Black "Moskalenko,V"]
[Result "1/2-1/2"]
[WhiteElo "2612"]
[BlackElo "2534"]

1.Nf3 d5 2.c4 e6 3.g3 f5 4.Bg2 Nf6 5.O-O c6 6.d3 Be7 7.b3 O-O 8.Bb2 a5 9.a3 Na6
10.Nbd2 Ng4 11.Qc2 Bf6 12.Bxf6 Qxf6 13.d4 Nc7 14.h4 Nh6 15.Ne5 Nf7 16.Ndf3 Nxe5
17.Nxe5 Ne8 18.c5 Qe7 19.b4 Nf6 20.Qb2 Ne4  1/2-1/2

[Event "American Continental"]
[Site "Buenos Aires ARG"]
[Date "2005.08.14"]
[Round "9"]
[White "Morinongeli,M"]
[Black "D'Arruda,R"]
[Result "1-0"]
[WhiteElo "2119"]
[BlackElo "2320"]

1.Nf3 d5 2.c4 c6 3.g3 Nf6 4.b3 g6 5.Bb2 Bg7 6.Bg2 O-O 7.O-O Nbd7 8.d3 Re8
9.cxd5 cxd5 10.Nc3 b6 11.Rc1 Bb7 12.Rc2 Rc8 13.Qb1 a6 14.Rfc1 e5 15.Na4 Rxc2
16.Qxc2 Qa8 17.Qd2 e4 18.Ne1 Rc8 19.b4 Bc6 20.Qc2 b5 21.Nc5 e3 22.f4 Nxc5
23.bxc5 h5 24.Bd4 h4 25.Qb2 Nh5 26.g4 Bxd4 27.Qxd4 Ng7 28.Nf3 h3 29.Bxh3 Re8
30.g5 a5 31.Bg4 b4 32.Qf6 a4 33.Ne5 Rxe5 34.Qxe5 b3 35.axb3 axb3 36.Qb2 Qb8
37.Qd4 Qa7 38.Rb1 Qa2 39.Qb2 Qa4 40.Qxb3  1-0